000 01072nam a2200265Ia 4500
003 Ost
005 20260507075354.0
008 260507s9999||||xx |||||||||||||| ||und||
020 _a29454499579
040 _cfsecg
041 _aara
082 _a330
100 _aمسعداوي، يوسف
_eمؤلف
245 0 _aدراسات في المالية الدولية /
_c يوسف مسعداوي
260 _aعمان:
_bدار الراية للنشر والتوزيع,
_c2013
300 _a302 صفحة؛
_bإيضاحات ؛
_c24 سم
504 _aالمراجع ص.299
520 _aتطور ظاهرة المديونية الدولية- تقنيات التمويل الدولي- تقنيات التأمين الدولي على مخاطر القروض- معايير التصنيف الإنتمائي- الأزمة المالية العالمية الراهنة
653 _aالإقتصاد
653 _aالإقتصاد الدولي
653 _aالتمويل الدولي
653 _aالديون
653 _aالمالية
942 _cكتاب
999 _c44191
_d44191